Statistics for The Ultimate Showdown (of Ultimate Destiny)

Click here to take the quiz!

General Stats

  • This quiz has been taken 298 times
  • The average score is 53 of 86

Answer Stats

HintAnswer% Correct
Old ________ was hopping aroundGodzilla
98%
Then he saw ________ sneaking up from behindGodzilla
98%
and hit ________Godzilla
98%
________ got pissed and began to attackGodzilla
98%
________ took a biteGodzilla
98%
When suddenly ______ burst from the shadeBatman
96%
And he crushed ______'s headBatman
96%
and blew ______ away with a rat-a-tat-tatBatman
96%
and ______ was injured and trying to get steadyBatman
96%
'Cause ______ stole it and he shot and he missedBatman
96%
This is the ________ ________Ultimate Showdown
89%
This is the ________ ________Ultimate Showdown
89%
This is the ________ ________Ultimate Showdown
89%
This is the ________ ________Ultimate Showdown
89%
and then ____ came back covered in a tire trackShaq
87%
But didn't expect to be blocked by ____Shaq
87%
of ________ _______Ultimate Destiny
87%
of ________ _______Ultimate Destiny
87%
of ________ _______Ultimate Destiny
87%
And only one will _______. I wonder who it will be.survive
86%
And only one will _______. I wonder who it will be.survive
86%
_______ _______ popped out of his graveAbraham Lincoln
85%
When _______ _______ came back with a macheteAbraham Lincoln
85%
While _______ _______ tried to pole vaultAbraham Lincoln
85%
with a ___________Bat-Grenade
85%
Then they both got flattened by the _________Batmobile
85%
_______ _____ took him out with his whipIndiana Jones
84%
Into the crotch of _______ _____Indiana Jones
84%
But he ran out of _______ and he ran awaybullets
82%
Good guys, bad guys and __________explosions
82%
Good guys, bad guys and __________explosions
82%
_____ ____ like a big playgroundTokyo city
82%
As ___ __ ___ ___ ___ ___far as the eye can see
81%
As ___ __ ___ ___ ___ ___far as the eye can see
81%
out of _______ _____Optimus Prime
81%
Because _______ _____ came to save the dayOptimus Prime
81%
on to _______ _____Optimus Prime
81%
and took an _____ out from under his hatAK-47
79%
But before he could make it back to the _______BatCave
79%
Down from the heavens descended _____ ______Chuck Norris
79%
and they kicked _____ ______Chuck Norris
79%
Who proceeded to open up a can of _______Shaq-Fu
75%
And he reached for his ___ which he just couldn't findgun
72%
But suddenly something caught his leg and he _______tripped
67%
and ______ ____ deflected it with his fistJackie Chan
66%
While ______ ____ jumped out and landed on his backJackie Chan
66%
And he started beating up _________ _____Shaquille O'Neal
66%
Who delivered a kick which could _______ _____shatter bones
65%
Then he jumped in the air and he did a __________somersault
64%
Then they both got hit by a ____ ____ _____Care Bear stare
60%
As ______ changed back into _____ _____Batman, Bruce Wayne
59%
But they ________ in the aircollided
58%
When _____ ______ came out of the blueAaron Carter
55%
Like ______ ________ took a bite out of crimeScruff MacGruff
55%
But Chuck saw through his ______ ________clever disguise
51%
and Monty Python and the Holy Grail's _____ ______,Black Knight
50%
Then _______ ___ ____,Gandalf the Grey
48%
Angels sang out in an __________ ______immaculate chorus
47%
Who fell over on the ground, ________ __ ____writhing in pain
47%
in _______ ___ ______between his thighs
45%
and _______ ___ _____,Gandalf the White
45%
and the ____ ______,Blue Meanie
37%
and ______ _________,Benito Mussolini
33%
every single _____ ______,Power Ranger
33%
and ______ ______,Cowboy Curtis
30%
________,Superman
28%
_____,Spock
25%
___ ____,The Rock
25%
_______,Robocop
24%
and _____ _____,Darth Vader
23%
__ ______ in a blood-stained sweaterMr. Rogers
23%
__________,Terminator
23%
_______ ____,Captain Kirk
22%
and ____ _____Hulk Hogan
22%
__ ___,Lo Pan
22%
___ ___Doc Ock
19%
____ _ _______,Bill S. Preston
18%
and _____ ___ _____,Jambi the Genie
18%
and _______ _____,Theodore Logan
18%
The fight raged on for _ _______a century
17%
all came out of nowhere _______ ____landing fast
17%
It was the _________ battle that the world ever sawbloodiest
16%
in his ______ ___cowboy ass
16%
With civilians looking on in _____ ___total awe
16%
Many _____ ____ ____ but eventuallylives were lost
10%
The champion stood, the rest ___ _____ ______saw their better
8%

Score Distribution

Percentile by Number Answered

Percent of People with Each Score

Your Score History

You have not taken this quiz